000 01999cam a22004934i 4500
003 PE-LiUPU
005 20250731184605.0
008 150616s1989 ctua r 000 0 eng d
020 _a0300050313
035 _a(Sirsi) i9780300050318
040 _aPE-LiUPU
_bspa
_cPE-LiUPU
_erda
049 _aPRUA
082 0 4 _a909
_bS16
_221
100 1 _aSaggs, H.W.F.,
_eautor.
245 1 0 _aCivilization before Greece and Rome /
_cH.W.F. Saggs.
264 1 _aNew Haven :
_bYale University Press,
_c1989.
300 _a322 páginas :
_bilustraciones ;
_c23 centímetros
336 _atext
_2rdacontent
337 _aunmediated
_2rdamedia
338 _avolume
_2rdacarrier
505 0 _aPushing back the frontiers -- City-states and kingdoms -- Pyramids and Ziggurats -- Writing -- Education -- Living in cities -- Trade -- The brotherhood of nations -- Natural resources -- Mathematics and astronomy -- Medicine -- Ancient religion.
526 _aP136
526 _aP135
526 _aP134
526 _aP133
526 _aP144
526 _aP143
526 _aP87
526 _aP35
526 _aP20
526 _aP14
526 _aP10
526 _aP06
651 _aOriente Medio
_xCivilización
_yHasta 622.
910 _ajck
_bjvq
_cjck
942 _2ddc
_cBOOK
949 _a909 S16
_wDEWEY
_c1
_i43200
_lCCODEBUL1
_mBUL
_r0
_sY
_tBOOK
_u2015-6-16
_xTEOLOGIA
_zUNKNOWN
_0COMPRA
_o.STAFF. Colección General
949 _a935 S16
_wDEWEY
_c1
_i40316
_lCCODEBUL1
_mBUL
_r0
_sY
_tBOOK
_u2015-6-16
_xTEOLOGIA
_zUNKNOWN
_0COMPRA
_o.STAFF. Colección General
994 _aC0
_bPEPRU
596 _a1
999 _a935 S16
_wDEWEY
_c58119
_i40316
_f2021-11-11
_g5
_lCCODEBUL1
_mBUL
_p25.90
_r0
_sY
_tBOOK
_u2015-6-16
_xTEOLOGIA
_PP35
_0COMPRA
_o.STAFF. Colección Teología
_d58119
999 _a909 S16
_wDEWEY
_c1
_i43200
_f2021-11-11
_g5
_lCCODEBUL1
_mBUL
_p25.90
_r0
_sY
_tBOOK
_u2015-6-16
_xTEOLOGIA
_PP35
_0COMPRA
_o.STAFF. Colección Teología
980 _81
_gALBERTO SANCHEZ Responsable de Automatización